OPAC Home

Tour on the continent 1765 (Record no. 235813)

MARC details
000 -LEADER
fixed length control field 00543nam a22002057a 4500
003 - CONTROL NUMBER IDENTIFIER
control field LK-CoDNM
005 - DATE AND TIME OF LATEST TRANSACTION
control field 20250109151735.0
008 - FIXED-LENGTH DATA ELEMENTS--GENERAL INFORMATION
fixed length control field 250109b |||||||| |||| 00| 0 eng d
040 ## - CATALOGING SOURCE
Original cataloging agency LK-CoDNM
Modifying agency LK-CoDNM
Description conventions LK-CoDNM
041 ## - LANGUAGE CODE
Language code of text/sound track or separate title English
080 ## - UNIVERSAL DECIMAL CLASSIFICATION NUMBER
Universal Decimal Classification number 5
Item number F27
942 ## - ADDED ENTRY ELEMENTS (KOHA)
Koha item type Books
100 ## - MAIN ENTRY--PERSONAL NAME
Personal name pennant, thomas
110 ## - MAIN ENTRY--CORPORATE NAME
Corporate name or jurisdiction name as entry element beer g,r de f.r.s p,l,s
245 ## - TITLE STATEMENT
Title Tour on the continent 1765
Remainder of title The ray society
260 ## - PUBLICATION, DISTRIBUTION, ETC. (IMPRINT)
Place of publication, distribution, etc. london
Name of publisher, distributor, etc. printed for the society
Date of publication, distribution, etc. 1948
300 ## - PHYSICAL DESCRIPTION
Extent 1788p. : ILL ; 28 CM
490 ## - SERIES STATEMENT
Volume/sequential designation vol i
650 ## - SUBJECT ADDED ENTRY--TOPICAL TERM
Topical term or geographic name as entry element science
Holdings
Withdrawn status Lost status Damaged status Not for loan Collection code Permanent Location Current Location Shelving location Date acquired Full call number Barcode Koha item type
    Damaged   Science Library National Museum Colombo - Sri Lanka Library National Museum Colombo - Sri Lanka Reference 2025-01-09 5 F27 OS1485 Books
Copyright © 2023 Department of National Museum, Colombo 07, Sri Lanka Funded by UNESCO IFAP UNESCO